000 00491nam a2200169 i 4500
001 bg
100 1 _aBIELAK, Stanisław
245 0 _aTeoria powłok /
_cS. Bielak.
260 _aOpole,
_c1990.
490 1 _aStudia i Materiały / Wyższa Szkoła Inżynierska w Opolu ;
_vz.30
830 0 _aStudia i Materiały (Wyższa Szkoła Inżynierska w Opolu) ;
_vz.30
040 _cBPK
041 _apol
080 _a624.01/.07:539.3
942 _cKS
008 s pl f |000 0 pol
999 _c29299
_d29299
856 _uhttp://koha.tu.koszalin.pl/cgi-bin/koha/opac-detail.pl?biblionumber=29299
_yKatalog online BPK